000 01041nam0a2200301 4500
001 RU\NLR\bibl\583429
005 20250610140247.0
010 _a5-8212-0054-7
_92000
035 _a(NLR Aleph) 000575418
090 _a1618927
_c1618927
100 _a20041215d2000 |||y0rusy50 ca
101 0 _arus
102 _aRU
105 _aa |||||||||
200 1 _aИнвестиционные проблемы российской экономики
_fБард В.С.
210 _aМ.
_cЭкзамен
_d2000
215 _a382,[1] с.
_cил.
_d21
320 _aБиблиогр.: с. 355-380 и в подстроч. примеч.
606 0 _aИнвестиции капитала
_yРоссийская Федерация
_92084885
_3RU\NLR\auth\661260982
686 _aУ9(2)-56(2Р)
686 _aУ26(2)229.5
700 1 _aБард
_bВ. С.
_gВладимир Семенович
_4070
801 0 _aRU
_bNLR
_c20041215
_gPSBO
801 1 _aRU
_bNLR
_c20041215
830 _aАвт. по кн.
942 _cBOOK
980 _aNB